000
00208nam a2200109Ia 4500
100
_a
#N/A
942
_c
BK
654
_a
vhdl
245
_a
Verilog HDL
260
_b
Pearson Education
_c
2003
546
_a
ENGLISH
999
_c
25253
_d
25253